|
|
|
|
| LEADER |
00000nam a2200000 i 4500 |
| 001 |
115551 |
| 003 |
CZ-ZlUTB |
| 005 |
20260429082906.0 |
| 007 |
ta |
| 008 |
260427s2021 xxua e f 001 0 eng d |
| 020 |
|
|
|a 978-1-119-72288-5
|q (brožováno)
|
| 040 |
|
|
|a ZLD002
|b cze
|e rda
|
| 072 |
|
7 |
|a 159.9
|x Psychologie
|2 Konspekt
|9 17
|
| 080 |
|
|
|a 159.9
|2 MRF
|
| 080 |
|
|
|a 81’42’373.46
|2 MRF
|
| 080 |
|
|
|a 659.21
|2 MRF
|
| 080 |
|
|
|a (035)
|2 MRF
|
| 100 |
1 |
|
|a Beins, Bernard
|7 ntk2013778917
|4 aut
|
| 245 |
1 |
0 |
|a Effective writing in psychology :
|b papers, posters, and presentations /
|c Bernard C. Beins and Agatha M. Beins
|
| 250 |
|
|
|a Third edition
|
| 264 |
|
1 |
|a Hoboken, NJ, USA :
|b Wiley, Blackwell,
|c 2021
|
| 300 |
|
|
|a xvii, 302 stran :
|b ilustrace ;
|c 23 cm
|
| 336 |
|
|
|a text
|b txt
|2 rdacontent
|
| 337 |
|
|
|a bez média
|b n
|2 rdamedia
|
| 338 |
|
|
|a svazek
|b nc
|2 rdacarrier
|
| 504 |
|
|
|a Obsahuje bibliografii, bibliografické odkazy a rejstříky
|
| 650 |
0 |
7 |
|a psychologie
|7 ph115948
|2 czenas
|
| 650 |
0 |
7 |
|a odborné texty
|7 ph123679
|2 czenas
|
| 650 |
0 |
7 |
|a prezentace informací
|7 ph124599
|2 czenas
|
| 650 |
0 |
9 |
|a psychology
|2 eczenas
|
| 650 |
0 |
9 |
|a professional texts
|2 eczenas
|
| 650 |
0 |
9 |
|a presentation of information
|2 eczenas
|
| 653 |
|
|
|a akademické psaní
|
| 655 |
|
7 |
|a příručky
|7 fd133209
|2 czenas
|
| 655 |
|
9 |
|a handbooks and manuals
|2 eczenas
|
| 700 |
1 |
|
|a Beins, Agatha
|d 1976-
|4 aut
|
| 710 |
2 |
|
|a John Wiley & Sons
|7 ko2004229870
|4 pbl
|
| 710 |
2 |
|
|a Blackwell Publishing Ltd.
|7 ko2012699164
|4 pbl
|
| 910 |
|
|
|a ZLD002
|
| 942 |
|
|
|2 udc
|
| 952 |
|
|
|0 0
|1 0
|4 0
|5 0
|6 15BEINSB
|7 0
|8 BOOK
|9 190896
|a UTBZL
|b UTBZL
|c 005
|d 2026-04-27
|l 0
|o 15/BEINS,B.
|p 420010201988
|r 2026-04-27 15:40:21
|v 742.00
|w 2026-04-27
|x N:nákup
|y 01
|
| 992 |
|
|
|a BK
|b SK
|
| 999 |
|
|
|c 115551
|d 115551
|